000 00656nam a2200229Ia 4500
005 20241129120150.0
008 241129s9999||||xx |||||||||||||| ||und||
020 _a9781032260457
037 _aTB
040 _aSDCL
_beng
_cSDCL
041 _aeng
_2eng
084 _aX9(J).1'P, R2
_qSDCL
100 _aStone Glenn Davis
_9729314
245 0 _aAgricultural dilemma: How not to feed the world
260 _aLondon
_bRoutledge
_c2022
300 _axiv,232p.
365 _aGBP
_b35.99
490 _aEarthscan food and agriculture
650 _aBusiness Economics and Finance
942 _cTB
_hX9(J).1'P, R2
999 _c1233625
_d1233625